000 00291nam a2200121Ia 4500
005 20251222143309.0
008 251222s9999||||xx |||||||||||||| ||spa||
082 _a848.9/M36
100 _aMeersch, Maxence Van der
245 0 _aLa Huella del Dios
264 _bPlaza y Janés
942 _cLIB
999 _c15646
_d15646